The great stories for kids (Record no. 16364)

MARC details
000 -LEADER
fixed length control field 00411nam a22001337a 4500
008 - FIXED-LENGTH DATA ELEMENTS--GENERAL INFORMATION
fixed length control field 170315b xxu||||| |||| 00| 0 eng d
020 ## - INTERNATIONAL STANDARD BOOK NUMBER
International Standard Book Number 0816312079
050 ## - LIBRARY OF CONGRESS CALL NUMBER
Classification number JNR PZ7
Item number .T46 BK.3 C.1
100 ## - MAIN ENTRY--PERSONAL NAME
Personal name Thomas, Jerry D.
245 ## - TITLE STATEMENT
Title The great stories for kids
Statement of responsibility, etc. by Jerry D. Thomas
260 ## - PUBLICATION, DISTRIBUTION, ETC. (IMPRINT)
Place of publication, distribution, etc. Canada
Name of publisher, distributor, etc. pacific press
300 ## - PHYSICAL DESCRIPTION
Extent 196 p.
942 ## - ADDED ENTRY ELEMENTS (KOHA)
Source of classification or shelving scheme Library of Congress Classification
Koha item type Children Collection
Classification part JNR PZ7 .T46 BK.3 C.1
Holdings
Withdrawn status Lost status Source of classification or shelving scheme Not for loan Home library Current library Shelving location Date acquired Total Checkouts Total Renewals Full call number Barcode Date last seen Date last checked out Copy number Price effective from Koha item type
    Library of Congress Classification   Kabarak, Main Campus Kabarak, Main Campus General Stacks 15/03/2017 3 1 JNR PZ7 .T46 BK.3 C.1 021863 20/02/2025 15/01/2025 C.1 15/03/2017 Children Collection
Designed with assistance from East African Informatics Ltd